Countries A-Z with Picture Clues - Statistics

General Stats
  • This quiz has been taken 65 times
  • The average score is 18 of 24
Answer Stats
Picture Hint Answer % Correct
F Finland
95%
I Iceland
95%
T Turkey
91%
J Jordan
89%
Y Yemen
89%
D Denmark
88%
G Greece
88%
Q Qatar
88%
Z Zimbabwe
88%
B Brazil
84%
H Hungary
84%
O Oman
84%
U United Kingdom
84%
K Kenya
77%
R Romania
77%
V Venezuela
75%
E Ecuador
73%
P Panama
68%
N Niger
52%
C Cyprus
50%
L Liechtenstein
48%
M Monaco
46%
A Antigua and Barbuda
39%
S Sierra Leone
39%
No matching quizzes found
Score Distribution
Percent of People with Each Score
Percentile by Number Answered
Your Score History
You have not taken this quiz